Časy se mění, co bylo není /

Hlavní autor: Golubkova, Marem'jana Romanovna, 1893-1959
Další autoři: Bergrová, Zdenka, 1923-2008, Romberg, Michael, 1918-1982
Jazyk: Čeština
Vydáno: Praha : Svět sovětů, 1951
Vydání: 1. vydání
Externí odkaz: Digitalizovaný dokument
Fyzický popis: 461 stran : ilustrace ; 8°
Knihy
Uloženo v:
LEADER 01378nam a22003492i 4500
001 001477051
003 CZ BrMZK
005 20150729110447.0
007 ta
008 150626s1951 xr a er|||||||||||cze d
015 |a cnb000403215 
035 |a (OCoLC)85172242 
040 |a ABA001  |b cze  |c BOA001  |d ABA001  |d BOA001  |e rda 
041 1 |a cze  |h rus 
100 1 |a Golubkova, Marem'jana Romanovna,  |d 1893-1959  |7 xx0078386  |4 aut 
245 1 0 |a Časy se mění, co bylo není /  |c Maremjana R. Golubkovová ; z ruského originálu přeložila Zdeňka Vovsová ; kresbami vyzdobil Michael Romberg 
250 |a 1. vydání 
264 1 |a Praha :  |b Svět sovětů,  |c 1951 
300 |a 461 stran :  |b ilustrace ;  |c 8° 
336 |a text  |b txt  |2 rdacontent 
337 |a bez média  |b n  |2 rdamedia 
338 |a svazek  |b nc  |2 rdacarrier 
500 |a 15750 výtisků 
500 |a Dostupné též v digitální podobě v aplikaci Kramerius 
700 1 |a Bergrová, Zdenka,  |d 1923-2008  |7 jk01011819  |4 trl 
700 1 |a Romberg, Michael,  |d 1918-1982  |7 jk01102660  |4 ill 
765 0 |t Dva veka v polveka  |9 Česky 
856 4 1 |u http://www.digitalniknihovna.cz/mzk/uuid/uuid:3c7c8b50-1e20-11e5-b642-005056827e51  |y Digitalizovaný dokument  |x NDK 
910 |a BOA001  |b 2-0280.376 
990 |a BK 
991 |b 201506 
996 6 |b 2619088468  |c 2-0280.376  |l MZK  |r Sklad / do 24 hodin  |n 0  |w 001512045  |u 000010  |a 1  |e BOA001  |j MZK50  |s P